| 000 | 00322nam a2200109 4500 | ||
|---|---|---|---|
| 999 |
_c10923 _d10923 |
||
| 008 | 180927b ||||| |||| 00| 0 eng d | ||
| 245 | _aCousins share no.1 in CPA board exams. | ||
| 260 |
_aPhilippines _bPhilippine Daily Inquirer _cc2017 |
||
| 300 | _apage A4. | ||
| 650 | 0 |
_931746 _aLicensure-Examinations. |
|
| 942 |
_2ddc _cPER |
||